000 00539nam a2200181Ia 4500
001 63086
008 181025n ii |||gr||||Z||||||465
020 _a9789313163725
041 _a465
082 _a975.546
110 _aArihant Expert Team.
_eCompliler & Publisher.
245 0 _aKnow your state Assam
_cCompile & edited by Arihant Expert Team
_hTextual Documents
260 _aMeerit
_bArihant Prakashan,Meerut
300 _a187p:
_c23cm.
653 _aGeneral Knowledge, Assam GK
653 _aG-General Knowledge
942 _2ddc
_cBK
999 _c64193
_d64193